| 000 | 00713cam a22002171 4500 | ||
|---|---|---|---|
| 001 | ne 68001378 | ||
| 003 | DLC | ||
| 005 | 20260227111840.0 | ||
| 008 | 710901s1893 ua c d 00010 eng | ||
| 010 | _ane 68001378 | ||
| 040 |
_aDLC _cDLC _dDLC |
||
| 041 | 0 | _aengara | |
| 050 | 0 | 0 |
_aR121 _b.K38 |
| 100 | 2 | 0 | _aKhayr Allāh, Khalīl. |
| 245 | 1 | 0 |
_aEnglish & Arabic medical dictionary, _cby K. Kheiralla. [Qāmūs ṭibbī Inkilīzī wa-ʻArabī. Taʼlīf Khalīl Khayr Allāh]. |
| 260 | 0 |
_a[Miṣr, _bMaṭbaʻat al-Taʼlīf] _c[pref. 1893] |
|
| 300 |
_a259 p. _bport. _c25 cm. |
||
| 650 | 0 |
_aMedicine _xDictionaries _xArabic. |
|
| 650 | 0 |
_aEnglish language _xDictionaries _xArabic. |
|
| 740 | 1 | _aQāmủs ṭibbī. | |
| 999 |
_c50284 _d50284 |
||